| 000 | 00825cam a22002651 4500 | ||
|---|---|---|---|
| 001 | sa 67001897 | ||
| 003 | DLC | ||
| 005 | 20260227112326.0 | ||
| 008 | 890726s1963 ii b 000 0 hino | ||
| 010 | _asa 67001897 | ||
| 035 | _a(OCoLC)20074718 | ||
| 040 |
_aDLC _cWaU _dDLC |
||
| 042 | _apremarc | ||
| 043 | _aa-ii--- | ||
| 050 | 0 | 0 |
_aJQ211 _b.S44 |
| 100 | 1 |
_aSharan, Parmatma, _d1916- |
|
| 245 | 1 | 0 |
_aBhāratīya śāsana evaṃ rājanīti kā vikāsa. _bDevelopment of government and politics in India. |
| 260 | _c[1963] | ||
| 300 |
_av, 684, vii, iv, _c22 cm. |
||
| 500 | _aIn Hindi. | ||
| 504 | _aBibliography: p. [i]-iv (last group) | ||
| 651 | 0 |
_aIndia _xPolitics and government _y1765-1947. |
|
| 651 | 0 |
_aIndia _xPolitics and government _y1947- |
|
| 740 | 0 | _aDevelopment of government and politics in India. | |
| 999 |
_c72916 _d72916 |
||